000 01703cam a22001934a 4500
005 20250605164150.0
008 250528s ||||||||||||||||||||||||d
035 _a19335
020 _a9607014316
040 _aGR-AtMCL
_bgre
_dGR-AtMCL
_eAACR2
245 1 _aΑθλητισμός και Μάνατζμεντ / Σε Αναζήτηση Κοινής Γλώσσας
260 _bΜέδουσα,
_c1996
300 _a168
520 _aΜελετημένη αξιοποίηση εργαλείων του Management για καυτά θέματα που καθημερινά αντιμετωπίζουν όλοι οι αθλητικοί οργανισμοί και τα σωματεία. Πρόλογος, Εισαγωγή, Ασ Μιλήσουμε για τον Αθλητισμό, Τι είναι το Μάνατζμεντ, Η Ανάγκη για Διοίκηση Αθλητισμού, Η Αθλητική Αγορά, Το Ανταγωνιστικό Πλεονέκτημα των Κρατών στον Αθλητισμό, Στρατηγικός Σχεδιασμός, Η Ομάδα και οι Πελάτες της, Αθλητικά σωματεία σε Κρίση, Διώξτε τον Προπονητή, Πότε αυτό έχει Θετικό Αποτέλεσμα, Φτιάξε ή Αγόρασε, Η Χρήση της Πληροφορικής, Η Ποιότητα στον Αθλητισμό, Ο Θεσμός της Χορηγίας, Διοικητική Κατάρτιση Αθλητικών Παραγόντων, Αντί Επιλόγου, Βιβλιογραφία.
700 1 _aΓιαννόπουλος Κωνσταντίνος Θ
_95583
942 _cBK
999 _c4595
_d4595